| 000 | 01236nam a2200325 i 4500 | ||
|---|---|---|---|
| 003 | EG-GICUC | ||
| 005 | 20260221120339.0 | ||
| 008 | 260119s1984 ua |||fr|||| 00| 0 ara d | ||
| 017 | _a2732/84 | ||
| 040 |
_a EG-GICUC _bara _c EG-GICUC _d EG-GICUC _erda |
||
| 041 | 0 | _aAra | |
| 082 | 0 | 4 |
_221 _a343.93 _bم ح . إ |
| 092 | 0 | 4 | _221 |
| 099 | _aLaw1 10 343.93 م ح . إ 1984 | ||
| 100 | 0 |
_aمحمد عيد الغريب _eمؤلف. |
|
| 245 | 1 | 2 |
_aالإفراج الشرطى فى ضوء السياسة العقابية الحديثة / _cتأليف دكتور محمد عيد الغريب. |
| 264 | 1 |
_a[مكان النشر غير محدد] : _b[الناشر غير محدد]، _c1984. |
|
| 300 |
_a372 صفحة؛ _c24 سم. |
||
| 336 |
_2rda content _atext |
||
| 337 |
_2rda media _aComputer |
||
| 338 |
_2rda carrier _aOnline Resource |
||
| 490 |
_aمجموعة البحوث القانونية والإقتصادية؛ _v22 |
||
| 546 | _aالنص باللغة العربية | ||
| 650 | 1 |
_aعلم السياسة الجنائية _2qrmak |
|
| 650 | 1 |
_aالقانون الجنائى _2qrmak |
|
| 651 | 1 | _2qrmak | |
| 856 | 4 | 0 | _uhttps://fll.law.cu.edu.eg/fulltext/bks/B10-07868.pdf |
| 905 | _a54 | ||
| 942 |
_2ddc _cBK _e21 _n0 |
||
| 999 |
_c57892 _d57892 |
||